[Event "Marienbad GM-I 2022"]
[Site "Marianske Lazne"]
[Date "2022.01.21"]
[Round "8.5"]
[White "Czerw, Dawid"]
[Black "Gungl, Theo"]
[Result "1/2-1/2"]
[WhiteElo "2396"]
[BlackElo "2368"]
[Annotator "TA"]
[PlyCount "86"]
[EventDate "2022.01.15"]
[EventType "tourn"]
[EventCountry "CZE"]
[SourceTitle "playchess.com"]
[Source "ChessBase"]
[SourceQuality "1"]

{[%evp 19,86,50,39,-6,14,11,81,85,78,80,81,67,67,74,88,47,45,49,33,53,52,18,20,0,0,0,0,0,0,0,0,0,0,-3,-10,-100,-100,-104,-90,-112,-109,-129,-142,-134,-135,-135,-127,-700,-208,-372,-370,-424,-81,-226,-85,-114,-8,-8,-8,-10,-30,-10,0,0,0,0,0,0,0]} 1. e4 c5 2. Nf3 d6 3. d4 cxd4 4. Nxd4 Nf6 5. Nc3 a6 6. f3 e6 7. Be3 b5 8. Qd2 Bb7 9. g4 Nfd7 10. O-O-O Nb6 11. e5 {[#] B80: Sicilian Scheveningen: 6 g3 and 6 Be3, including English Attack.} (11. Nb3 $14) 11... b4 $146 ({Predecessor:} 11... d5 12. Qf2 N8d7 13. f4 Nc4 14. f5 Ndxe5 15. Bxc4 Nxc4 16. fxe6 f6 17. Nf5 g6 18. e7 Bxe7 19. Nxe7 Nxe3 {1-0 (65) Inarkiev,E (2491)-Ayupov,D (2374) St Petersburg 2001}) 12. Ne4 Nd5 (12... Bxe4 13. fxe4 dxe5 14. Nb5 $1 $16 (14. Nxe6 Qxd2+ 15. Rxd2 fxe6 $16)) (12... dxe5 $11 {keeps the balance.} 13. Nxe6 Qxd2+ 14. Rxd2 fxe6 15. Bxb6 Nd7) 13. Nxd6+ {White is better.} (13. Bg5 Qa5 $11) 13... Bxd6 14. exd6 Qxd6 15. Bc4 {[%cal Od4f5] And now Nf5! would win.} (15. Nf5 {with more complications.} exf5 16. Bc4 O-O 17. gxf5 Re8 18. Bxd5 Qxd5 19. Qxd5 Bxd5 20. Rxd5 Nc6 21. Bd2) 15... O-O {[#]} 16. Nf5 exf5 17. Bxd5 ({White should play} 17. gxf5 $16 Re8 18. Bxd5 Qxd5 19. Qxd5 Bxd5 20. Rxd5) 17... Qxd5 18. Qxd5 Bxd5 19. Rxd5 fxg4 20. Bc5 (20. fxg4 $5 {[%cal Re3c5]} Nc6 21. g5 $14) 20... Re8 21. Bxb4 Nc6 22. Bc3 gxf3 23. Rf1 Re2 24. h3 Rc8 {[%cal Oe2c2]} 25. a3 f2 26. Kd1 Re3 27. Rd3 (27. Rxf2 $11 Rxh3 28. Rd7) 27... Rd8 $1 $17 (27... Rxd3+ $6 28. cxd3 f6 29. Rxf2 $11) 28. Rxd8+ Nxd8 29. Rxf2 Rxh3 {[%mdl 4096] Endgame KRB-KRN} 30. Rf5 h5 {[%cal Bh7h5,Bh5h4,Bh4h3][%mdl 32]} 31. Ra5 Ne6 32. Rxa6 h4 33. a4 $2 {[%mdl 8192] [#]} (33. Ra5 $17) 33... Rh1+ $2 (33... Rxc3 $1 {[%mdl 512]} 34. Ra8+ Kh7 35. bxc3 h3) 34. Ke2 $2 (34. Kd2) 34... h3 $1 $19 {White must now prevent ...h2.} (34... Rh2+ 35. Ke3 $15) 35. Kf2 Nf4 $2 (35... Rh2+ $19 {has better winning chances.} 36. Kf1 (36. Kg3 $2 Rg2+ 37. Kf3 Ng5+ 38. Ke3 h2 $19) 36... Rxc2) 36. Ra8+ $17 (36. Be5 h2 $1 37. Kg3 (37. Bxf4 $2 Rf1+ 38. Kxf1 h1=Q+ 39. Kf2 Qb7 $19) (37. Ra8+ $2 Kh7 $17) 37... Re1 $1 38. Kxh2 Rxe5 $17) 36... Kh7 37. Re8 {[#]} (37. Be5 h2 $1 38. Kg3 (38. Bxf4 $2 Rf1+ 39. Kxf1 h1=Q+ 40. Kf2 Qxa8 $19) 38... Re1 $1 39. Kxh2 Rxe5) 37... Rf1+ 38. Kg3 $11 {aiming for Re1.} (38. Kxf1 $2 h2 39. Ke1 (39. Rh8+ $2 Kxh8 40. Ke1 h1=Q+ $19) 39... h1=Q+ $19) 38... Rg1+ 39. Kh2 ({But not} 39. Kxf4 $2 h2 40. Re1 Rxe1 41. Bxe1 h1=Q $19) 39... Rg2+ 40. Kh1 {Strongly threatening a5.} Ne2 {[%cal Re2g3] The position is equal.} 41. Re3 (41. Be5 Ng1 42. Rd8 Nf3 $19) 41... Rg1+ 42. Kh2 Rg2+ 43. Kh1 (43. Kxh3 $2 {is a self mate.} Nf4+ 44. Kh4 g5#) 43... Rg1+ {Weighted Error Value: White=0.34/Black=0.53} 1/2-1/2

[Event "Marienbad GM-I 2022"]
[Site "Marianske Lazne"]
[Date "2022.01.22"]
[Round "9.1"]
[White "Gungl, Theo"]
[Black "Noe, Christopher"]
[Result "1/2-1/2"]
[WhiteElo "2368"]
[BlackElo "2529"]
[Annotator "TA"]
[PlyCount "21"]
[EventDate "2022.01.15"]
[EventType "tourn"]
[EventCountry "CZE"]
[SourceTitle "playchess.com"]
[Source "ChessBase"]
[SourceQuality "1"]

{[%evp 9,21,-5,25,21,22,19,14,11,11,6,20,20,19,15]} 1. d4 Nf6 2. c4 e6 3. Nc3 Bb4 4. e3 O-O 5. Bd2 d6 6. a3 {E46: Nimzo-Indian: Rubinstein: 4 e3 0-0 5 Ne2 without early Bd3.} Bxc3 {The position is equal.} 7. Bxc3 Ne4 8. Qc2 Nxc3 9. Qxc3 Qf6 {[#]} 10. Bd3 $146 ({Predecessor:} 10. Nf3 Nc6 11. Be2 e5 12. dxe5 Nxe5 13. Nxe5 Qxe5 14. Qxe5 dxe5 15. Kd2 Be6 16. Kc3 {½-½ (22) Djukic,Z (2395)-Brkljaca,A (2380) Kladovo 1992}) 10... e5 11. Ne2 {A rather calm draw.  Weighted Error Value: White=0.01 (flawless) /Black=0.08 (flawless)} 1/2-1/2

[Event "Marienbad GM-I 2022"]
[Site "Marianske Lazne"]
[Date "2022.01.22"]
[Round "9.2"]
[White "Lim, Zhuo Ren"]
[Black "Czerw, Dawid"]
[Result "1/2-1/2"]
[WhiteElo "2311"]
[BlackElo "2396"]
[Annotator "TA"]
[PlyCount "95"]
[EventDate "2022.01.15"]
[EventType "tourn"]
[EventCountry "CZE"]
[SourceTitle "playchess.com"]
[Source "ChessBase"]
[SourceQuality "1"]

{[%evp 14,95,38,31,29,16,43,22,22,25,58,16,36,0,0,-21,0,0,-6,0,0,0,-2,0,-4,0,0,-5,0,0,0,-3,-9,-5,-10,-16,0,0,0,0,0,-15,7,0,0,-5,0,0,0,0,0,0,0,0,0,0,0,0,0,0,0,0,0,0,0,0,0,0,0,0,0,0,0,0,0,0,0,0,0,0,0,0,0,0]} 1. c4 e6 2. Nf3 d5 3. d4 Nf6 4. g3 dxc4 5. Bg2 Bd7 6. Ne5 Bc6 7. Nxc6 Nxc6 8. e3 Qd7 {E04: Open Catalan: 5 Nf3.} 9. O-O O-O-O {was the old line (9...Rd8).} 10. Nd2 e5 {10...h5 is vanishing.} 11. Nxc4 {Threatens to win with Bxc6.} exd4 12. Qb3 (12. exd4 $14 Nxd4 13. Bf4) 12... Nd5 $1 $11 13. Rd1 Bc5 $1 {The position is equal.} 14. Bd2 Qe6 {[#]} 15. Na5 $146 ({Much weaker is} 15. exd4 Nxd4 16. Qa4 {[#]} Nb4 $1 $17) ({Predecessor:} 15. Qb5 dxe3 16. Qxc5 exd2 17. Rxd2 Nb6 18. Rc2 Nxc4 19. Rxc4 Qe5 20. Bxc6 Qxc5 21. Rxc5 bxc6 22. Rxc6 {½-½ (29) Kopylov,M (2415)-Chukavin,K (2317) Riga 2019}) 15... Nxa5 16. Bxa5 {This bishop pair is nice.} Bb6 17. Bxb6 ({Reject} 17. Rxd4 Bxd4 18. exd4 b6 $17) 17... Nxb6 18. Qxe6+ fxe6 19. exd4 Rd6 20. Bh3 Kd7 21. Rd2 c6 22. Re1 Nd5 23. f4 g6 24. Kf2 Rf8 25. Re5 Rf6 26. Bg2 Ne7 27. Ke3 Rf8 28. Ke4 Nd5 29. h4 Ke7 30. Kd3 Nc7 31. a4 {Prevents Nb5.} Rfd8 32. Kc3 Na8 33. Ra5 a6 $1 34. h5 Nb6 35. hxg6 hxg6 36. b3 Rh8 37. Rg5 Kf6 38. Re2 Nc8 39. Kc4 Rhd8 40. Rd2 Ne7 41. Be4 Nf5 {[%cal Rd6d4]} 42. Bxf5 exf5 {[%mdl 4096] Endgame KRR-KRR} 43. a5 Re8 44. g4 Re4 45. gxf5 gxf5 46. Rh5 Rd5 47. Rh6+ Kg7 48. Rh4 $1 {Weighted Error Value: White=0.04 (flawless) /Black=0.02 (flawless)} 1/2-1/2

[Event "Marienbad GM-I 2022"]
[Site "Marianske Lazne"]
[Date "2022.01.22"]
[Round "9.4"]
[White "Nemec, Jachym"]
[Black "Baenziger, Fabian"]
[Result "1/2-1/2"]
[WhiteElo "2402"]
[BlackElo "2409"]
[Annotator "TA"]
[PlyCount "37"]
[EventDate "2022.01.15"]
[EventType "tourn"]
[EventCountry "CZE"]
[SourceTitle "playchess.com"]
[Source "ChessBase"]
[SourceQuality "1"]

{[%evp 15,37,12,23,2,7,1,8,11,10,4,8,0,0,0,14,0,12,0,0,0,9,0,8,0]} 1. d4 d5 2. c4 c6 3. Nf3 Nf6 4. e3 Bf5 5. Nc3 e6 6. Bd3 Bxd3 7. Qxd3 Nbd7 8. O-O Bb4 $1 {[%mdl 4] is now more promising than 8...Be7.} 9. b3 {D12: Slav Defence: 3 Nf3 Nf6 4 e3 Bf5.} O-O {The position is equal.} 10. Bb2 Re8 11. Rfd1 {[#]} a6 $146 ({Predecessor:} 11... Qe7 12. a3 Bd6 13. e4 dxe4 14. Nxe4 Nxe4 15. Qxe4 Rad8 16. g3 Qf6 17. Kg2 Qg6 {1-0 (51) Giorgadze,G (2612)-San Segundo Carrillo,P (2516) Sanxenxo 2004}) 12. Rac1 Qe7 13. Rc2 Rad8 14. Qe2 h6 15. h3 Ba3 16. Ba1 Bb4 17. Bb2 Ba3 18. Ba1 Bb4 19. Bb2 {A rather calm draw.  Weighted Error Value: White=0.06 (flawless) /Black=0.04 (flawless)} 1/2-1/2

[Event "Marienbad GM-I 2022"]
[Site "Marianske Lazne"]
[Date "2022.01.22"]
[Round "9.5"]
[White "Mirzoev, Azer"]
[Black "Stalmach, Richard"]
[Result "1-0"]
[WhiteElo "2420"]
[BlackElo "2301"]
[Annotator "TA"]
[PlyCount "111"]
[EventDate "2022.01.15"]
[EventType "tourn"]
[EventCountry "CZE"]
[SourceTitle "playchess.com"]
[Source "ChessBase"]
[SourceQuality "1"]

{[%evp 12,111,20,20,46,13,51,22,22,20,54,18,12,12,20,10,17,10,13,14,16,0,37,44,49,49,34,21,32,28,23,29,89,-62,-62,-186,-189,-219,-105,-102,-32,-32,-39,-32,-32,-35,-35,-45,-50,-37,-37,-37,-37,-41,-53,-63,-42,-60,0,0,8,8,8,9,7,0,-2,-1,14,15,54,8,396,366,498,483,470,490,468,445,437,424,504,504,493,496,496,482,854,621,585,556,887,850,2551,2425,1477,1585,29974,1400,922,767]} 1. d4 Nf6 2. Nf3 g6 3. Nbd2 Bg7 4. e4 d6 5. c3 O-O 6. Be2 c5 7. O-O Nc6 {B07: Pirc Defence: Miscellaneous Systems.} 8. Re1 (8. d5 $5 {[%cal Rd5c6]} Nb8 9. Bd3 $14) 8... a6 9. h3 b5 {The position is equal.} 10. Bf1 Nd7 {[%cal Rc5d4] [#]} 11. d5 $146 ({Predecessor:} 11. a4 Rb8 12. axb5 axb5 13. d5 Nce5 14. Nb3 Nxf3+ 15. Qxf3 b4 16. Na5 bxc3 17. bxc3 {0-1 (33) Bawart,M (2265)-Pierecker,M (2250) Austria 1996}) 11... Nce5 12. a4 Rb8 13. Nxe5 Nxe5 14. f4 Nd7 15. Nf3 Qc7 16. Kh1 e5 17. dxe6 fxe6 18. axb5 axb5 19. Ng5 Nf6 20. Bd3 c4 21. Bc2 {[%cal Of4f5]} Nh5 (21... b4 $11) 22. e5 $2 (22. Qg4 $16) 22... dxe5 $15 23. fxe5 (23. Qg4 $15 Nxf4 24. Be3) 23... Bxe5 $19 24. Be3 Bb7 ({Not} 24... Ng3+ 25. Kg1) (24... b4 $19 {and Black stays clearly on top.} 25. Ra7 Rb7 26. Rxb7 Bxb7) 25. Qg4 $17 Rbe8 (25... Ng3+ $17 26. Kg1 Nf5) 26. Nxh7 $1 $15 Ng3+ (26... Qxh7 $2 27. Bxg6 Ng3+ 28. Kg1 $18) 27. Kg1 Qc6 {[%csl Gb7][%cal Rc6g2]} (27... Qxh7 $2 28. Bxg6 Qg7 29. Bh6 $1 {[%mdl 512]} Qxh6 30. Rxe5 Ne2+ 31. Rxe2 $18) 28. Qxg6+ Kh8 {[%csl Gb7][%cal Rc6g2]} 29. Be4 Qxe4 30. Qxe4 Nxe4 31. Nxf8 Rxf8 32. Rf1 Rg8 {[%cal Oe4c3] Threatens to win with ...Nxc3!} 33. Ra7 Bd5 {[%cal Oe4c3] aiming for ...Nxc3! A strong pair of Bishops.} 34. Rff7 {[%csl Ga7][%cal Rf7h7]} Nf6 {Prevents Rh7+.} (34... Ng5 $1 $15 35. Bxg5 Rxg5 36. Rf8+ Rg8 37. Rxg8+ Kxg8) 35. g4 $11 Be4 36. Rfe7 Bd5 37. g5 {Hoping for Kf1.} Bb8 $1 $132 {[%mdl 2048] Black has counterplay} 38. Ra5 Bd6 39. Rf7 Ne4 40. h4 {[%mdl 1024] And now Raa7 would win. White has compensation.} e5 41. Rf1 (41. Rfa7 $14 {might be stronger.}) 41... Ng3 $2 {[%mdl 8192] [#]} (41... Be6 $11) 42. Rd1 $1 $18 Ne2+ 43. Kf2 Rf8+ 44. Kxe2 Bf3+ 45. Ke1 Bxd1 46. Kxd1 {[%mdl 4096] Endgame KRB-KRB} Rf1+ 47. Ke2 Rh1 48. Bf2 b4 49. cxb4 {Black must now prevent Ra8+.} Rb1 (49... Rh2 $142 50. Rd5 Bxb4 51. Rxe5 Kh7) 50. Ra2 {Strongly threatening Bc5.} Bxb4 51. Kf3 Bd2 52. Bg3 Bf4 53. Bxf4 Rf1+ 54. Kg4 exf4 55. Ra3 (55. h5 $142 Rg1+ 56. Kf5 Rd1 57. Ra8+ Kh7 58. Ra7+ Kh8 59. Kxf4 Rf1+ 60. Ke5) 55... Rf2 56. Rc3 {White used his chance.  Weighted Error Value: White=0.18 (very precise) /Black=0.59} 1-0